Capitales des pays en T - Statistiques

Statistiques générales
  • Ce quiz a été pris 63 fois
  • Le résultat moyen est 8 sur 13
Statistiques - réponses
Pays Capitales % Correct
Tunisie Tunis
98%
Turquie Ankara
93%
République Tchèque Prague
93%
Thaïlande Bangkok
86%
Togo Lomé
59%
Turkménistan Achgabat
56%
Tchad N'Djaména
56%
Timor oriental Dili
53%
Tadjikistan Douchanbé
53%
Trinité-et-Tobago Port-d'Espagne
47%
Tanzanie Dodoma
46%
Tonga Nukuʻalofa
41%
Tuvalu Funafuti
37%
Aucun quiz correspondant
Distribution des résultats
% des personnes avec chaque résultat
Percentile par nombre de réponses
Votre historique - résultats
Vous n’avez pas pris ce quiz